What u Need? - Omar Courtz, Myke Towers - Estadísticas

Estadísticas generales
  • Esta prueba ha sido intentada 43 veces
  • La puntuación promedio es 341 de 581
Estadísticas de respuestas
Letra % Correcto
a
93%
baby
87%
de
87%
hace
87%
que
87%
Qué
87%
se
87%
Se
87%
y
87%
yo
87%
Yo
87%
you
87%
Dime
80%
dime
80%
en
80%
hacer
80%
l
80%
need
80%
Pa
80%
pa
80%
te
80%
Te
80%
ti
80%
80%
80%
un
80%
va
80%
what
80%
bebé
73%
como
73%
Cu
73%
Cuando
73%
cuándo
73%
es
73%
no
73%
o
73%
play
73%
playlist
73%
quiero
73%
sexo
73%
si
73%
Si
73%
bellaco
67%
la
67%
La
67%
mi
67%
quiera
67%
soy
67%
tengo
67%
venir
67%
ver
67%
Voy
67%
voy
67%
Young
67%
da
60%
el
60%
El
60%
igual
60%
por
60%
Acosta
53%
amor
53%
cama
53%
dándote
53%
Dándote
53%
entre
53%
Kingz
53%
kingz
53%
Lo
53%
lo
53%
lu
53%
me
53%
Me
53%
nalgas
53%
rosita
53%
ruido
53%
See
53%
tus
53%
apaga
47%
Bajo
47%
con
47%
Condones
47%
cosquilleo
47%
Dice
47%
dice
47%
do
47%
east
47%
ella
47%
Ella
47%
las
47%
los
47%
Los
47%
Majin
47%
Malibú
47%
mojaíto
47%
nube
47%
sábana
47%
sentir
47%
sienten
47%
Sin
47%
sin
47%
sol
47%
su
47%
tiene
47%
Vamo
47%
apodo
40%
baba
40%
bellaquear
40%
deo
40%
empieza
40%
está
40%
Ey
40%
ey
40%
grita
40%
hago
40%
Llénalo
40%
matamos
40%
menú
40%
neón
40%
pero
40%
Pero
40%
quiere
40%
Quiere
40%
salga
40%
sigo
40%
solita
40%
sube
40%
traga
40%
viajarte
40%
ayude
33%
Bubbaloo
33%
carro
33%
castigo
33%
Coscu
33%
coso
33%
ere
33%
eso
33%
favor
33%
hoy
33%
Le
33%
le
33%
llama
33%
mamando
33%
más
33%
mío
33%
Ñengoso
33%
new
33%
nombre
33%
Ousi
33%
pegajoso
33%
profundo
33%
antojo
27%
apreta
27%
as
27%
bellaqueo
27%
bicho
27%
cintura
27%
deja
27%
Del
27%
esnú
27%
foto
27%
interesa
27%
juego
27%
jugo
27%
mami
27%
nariz
27%
nos
27%
ojo
27%
pichea
27%
puesta
27%
quedamos
27%
remix
27%
sabe
27%
Sabe
27%
saco
27%
subimos
27%
toca
27%
yeah
27%
Ah
20%
ah
20%
allí
20%
Antes
20%
artista
20%
asusta
20%
baboso
20%
BASSYY
20%
Bellaquita
20%
borde
20%
camino
20%
creo
20%
Culo
20%
duerma
20%
eh
20%
entro
20%
espera
20%
estás
20%
inspiras
20%
lista
20%
mirándome
20%
miss
20%
musa
20%
okey
20%
pesas
20%
pieza
20%
recojo
20%
siempre
20%
sola
20%
squatea
20%
una
20%
universo
20%
vamos
20%
veo
20%
apoyo
13%
Audrinix
13%
booty
13%
gym
13%
mamo
13%
Mañana
13%
Myke
13%
oh
13%
supieran
13%
Towers
13%
vuelva
13%
Echamo
7%
gustan
7%
haha
7%
ns
7%
polvo
7%
preguntando
7%
rapero
7%
Uah
7%
Uh
7%
uh
7%
58
0%
aunque
0%
Bui
0%
cante
0%
encante
0%
interesante
0%
LiveGet
0%
low
0%
principiante
0%
tickets
0%
No se encontraron pruebas coincidentes
Distribución de puntuación
Porcentaje de gente con cada puntuación
Porcentaje por número respondido
Historial de tus puntuaciones
No has intentado esta prueba.